Parts selection and management
Saved in:
| Format: | Sách |
|---|---|
| Language: | Undetermined |
| Published: |
John Wiley
2004
|
| Subjects: | |
| Tags: |
Add Tag
No Tags, Be the first to tag this record!
|
| Institutions: | Trung tâm Thư viện - Trường Đại học Công nghiệp TP. Hồ Chí Minh |
|---|
| LEADER | 00415nam a2200133Ia 4500 | ||
|---|---|---|---|
| 001 | UIH_04119 | ||
| 008 | 231011s9999 xx 000 0 und d | ||
| 082 | |a 621.381 | ||
| 245 | 0 | |a Parts selection and management | |
| 260 | |b John Wiley | ||
| 260 | |c 2004 | ||
| 650 | |a Thiết bị điện tử; | ||
| 927 | |a Sách | ||
| 980 | |a Trung tâm Thư viện - Trường Đại học Công nghiệp TP. Hồ Chí Minh | ||